| 000 | 01560nam a2200361 i 4500 | ||
|---|---|---|---|
| 001 | 42545 | ||
| 003 | ES-MaACL | ||
| 005 | 20240513120304.0 | ||
| 007 | t| | ||
| 008 | 160501s2012 sp |||| | spa d | ||
| 020 | _a978-84-338-5393-6 | ||
| 080 | _a821.134.2 Ayala, Francisco 1.07 | ||
| 100 | 1 |
_aSobejano, Gonzalo. _9106979 |
|
| 245 | 1 | 0 |
_aLecturas de Francisco Ayala / _cGonzalo Sobejano. |
| 250 | _a1ª ed. | ||
| 260 |
_a[Granada] : _bFundación Francisco Ayala : _bUniversidad de Granada, _c2012. |
||
| 300 |
_a101 p. ; _c20 x 12 cm. |
||
| 490 | 1 |
_aCuadernos de la Fundación Francisco Ayala ; _v6 |
|
| 505 | 8 |
_aContiene: ; _tLectura de Francisco Ayala ; _tLectura de "El Doliente" / _rGonzalo Sobejano / _rEl ángel de Bernini, mi ángel. -- _tEl Doliente / _rFrancisco Ayala. -- _tAyala, Sobejano y la lucidez / _rJosé María Pozuelo Yvancos |
|
| 600 | 1 | 4 |
_aAyala, Francisco, _d1906-2009- _xCrítica e interpretación _924112 |
| 700 | 1 |
_aAyala, Francisco, _d1906-2009 _924111 |
|
| 700 | 1 |
_aPozuelo Yvancos, José María. _993557 |
|
| 710 | 2 |
_aFundación Francisco Ayala. _94309 |
|
| 740 | 0 | 2 | _aLectura de "El Doliente" |
| 740 | 3 | 2 | _aEl ángel de Bernini, mi ángel. |
| 740 | 3 | 2 | _aEl Doliente. |
| 740 | 0 | 2 | _aAyala, Sobejano y la lucidez. |
| 830 | 0 |
_aCuadernos de la Fundación Francisco Ayala ; _v6 _9229824 |
|
| 852 |
_aES-MaACL _jA-13565 _944117 _bR.150806 _cDEPO1 _dOlim: N-6565 _hDonación: Real Academia Española |
||
| 914 |
_96336 _aReal Academia Española _ednr |
||
| 942 |
_2udc _cMONOGRAFIA |
||
| 999 |
_c42545 _d42545 |
||